JATAKA TALES ( SELECTED ANIMAL STORIES FOR CHILDREN ) (Record no. 377039)

MARC details
000 -LEADER
fixed length control field 00480nam a2200157Ia 4500
008 - FIXED-LENGTH DATA ELEMENTS--GENERAL INFORMATION
fixed length control field 100122s9999 xx 000 0 und d
082 ## - DEWEY DECIMAL CLASSIFICATION NUMBER
Item number 58041
Classification number B823.08
100 ## - MAIN ENTRY--PERSONAL NAME
Personal name SHETTY LALITHA
245 ## - TITLE STATEMENT
Title JATAKA TALES ( SELECTED ANIMAL STORIES FOR CHILDREN )
250 ## - EDITION STATEMENT
Edition statement 0
260 ## - PUBLICATION, DISTRIBUTION, ETC. (IMPRINT)
Name of publisher, distributor, etc VASAN BOOK DEPOT
Date of publication, distribution, etc 1998
300 ## - PHYSICAL DESCRIPTION
Extent 142
630 ## - SUBJECT ADDED ENTRY--UNIFORM TITLE
Uniform title JATAKA TALES ( SELECTED ANIMAL STORIES FOR CHILDREN )
730 ## - ADDED ENTRY--UNIFORM TITLE
Uniform title JATAKA TALES ( SELECTED ANIMAL STORIES FOR CHILDREN )
942 ## - ADDED ENTRY ELEMENTS (KOHA)
Koha item type Book
Holdings
Withdrawn status Lost status Damaged status Not for loan Home library Current library Date acquired Cost, normal purchase price Total Checkouts Full call number Barcode Date last seen Cost, replacement price Price effective from Koha item type Public note
        S.V. Pathak Library, Vile Parle S.V. Pathak Library, Vile Parle 08/12/2000 25.00   58041 SVPPARLE-58041 01/25/2010 25.00 01/25/2010 Book ", , General, NA"